Missing Word: Song Titles with Demonyms Quiz Stats

 Plays Quiz Updated Oct 6, 2014

Challenge
Share
Tweet
Embed
Score 0/15 Timer 03:00
1 Play Today
Song Title Missing Word % Correct
Walk Like An ____Egyptian
94.8%
The Luck of the ____Irish
89.5%
____ WomanAmerican
79%
Scenes from an ____ RestaurantItalian
73.1%
Turning ____Japanese
70.7%
____ Kissin' in the USAFrench
64.9%
____ DemocracyChinese
62%
____ Wood (This Bird has Flown)Norwegian
61.6%
Song Title Missing Word % Correct
____man in New YorkEnglish
55.2%
____ RadioMexican
53.1%
____ Castle MagicSpanish
43.6%
Young ____Turks
36.7%
The ____Brazilian
26.2%
____ GirlLiberian
7.9%
____ BlondeLebanese
5.7%

Today's Daily Dose

You're not logged in!

Compare scores with friends on all Sporcle quizzes.
OR
Log In

You Might Also Like...

Show Comments

Extras

Top Quizzes Today


Score Distribution

Your Account Isn't Verified!

In order to create a playlist on Sporcle, you need to verify the email address you used during registration. Go to your Sporcle Settings to finish the process.

Report this User

Report this user for behavior that violates our Community Guidelines.

Details: